书目信息 |
| 题名: |
走西藏
|
|
| 作者: | 赵嘉 著 | |
| 分册: | ||
| 出版信息: | 北京 知识出版社 2001.02 |
|
| 页数: | 296页 | |
| 开本: | 21cm | |
| 丛书名: | ||
| 单 册: | ||
| 中图分类: | K928.975 | |
| 科图分类: | ||
| 主题词: | 地理--中国 | |
| 电子资源: | ||
| ISBN: | 7-5015-2834-9 | |
| 000 | 00642nam0 2200217 450 | |
| 001 | 1158276875 | |
| 005 | 20111226161225.14 | |
| 010 | @a7-5015-2834-9@dCNY39.50 | |
| 100 | @a20111226d2001 km y0chiy0120 ea | |
| 101 | 0 | @achi |
| 102 | @aCN@b110000 | |
| 105 | @aa z 000yy | |
| 200 | 1 | @a走西藏@Azou xi zang@e进藏完全手册@f赵嘉著@Fzhao jia zhu |
| 210 | @a北京@c知识出版社@d2001.02 | |
| 215 | @a296页@c图@d21cm | |
| 517 | 1 | @a进藏完全手册@Ajin cang wan quan shou ce |
| 606 | 0 | @a地理@x中国 |
| 690 | @aK928.975@v4 | |
| 701 | 0 | @a赵嘉@Azhao jia@4著 |
| 801 | 0 | @aCN@b大连网信软件有限公司图书馆·11@c20111226 |
| 905 | @aZUCC@dK928.975@eZ300@f3 | |
| 走西藏:进藏完全手册/赵嘉著.-北京:知识出版社,2001.02 |
| 296页:图;21cm |
| ISBN 7-5015-2834-9:CNY39.50 |
| ● |
| 相关链接 |
|
|
|
正题名:走西藏
索取号:K928.975/Z300
 
预约/预借
| 序号 | 登录号 | 条形码 | 馆藏地/架位号 | 状态 | 备注 |
| 1 | 1180518 | 211805180 | 社科库309/309社科库 25排1列2层/ [索取号:K928.975/Z300] | 在馆 | |
| 2 | 1180519 | 211805199 | 社科库309/309社科库 25排1列2层/ [索取号:K928.975/Z300] | 在馆 | |
| 3 | 1180520 | 211805206 | 社科库309/309社科库 25排1列2层/ [索取号:K928.975/Z300] | 在馆 |